|
|
|
|
| LEADER |
01015nam a22002657a 4500 |
| 001 |
36012 |
| 003 |
BD-DhAAL |
| 005 |
20211206113211.0 |
| 008 |
200227r20032002si a|||| |||| 00| 0 eng d |
| 999 |
|
|
|c 42269
|d 42269
|
| 020 |
|
|
|a 9810182074
|
| 040 |
|
|
|a BD-DhAAL
|
| 082 |
|
|
|a 510
|2 23
|
| 100 |
|
|
|a Kheong, Fong Ho
|9 38803
|
| 245 |
|
|
|a My pals are here!
|n Maths 2B practice book (part 2) /
|c Fong Ho Kheong; Chelvi Ramakrishnan; Michelle Choo
|
| 260 |
|
|
|a Singapore :
|b Federal,
|c 2002 [reprinted 2003]
|
| 300 |
|
|
|a 72 pages :
|b illustrations ;
|c 26 cm
|
| 526 |
|
|
|a BIED
|
| 541 |
|
|
|a Complimentary copy from BIED
|e 36012
|
| 650 |
|
|
|a Mathematics.
|9 35780
|
| 700 |
|
|
|a Ramakrishnan, Chelvi
|9 38804
|
| 700 |
|
|
|a Choo, Michelle
|9 38805
|
| 852 |
|
|
|a Ayesha Abed Library
|c BIED Collection
|
| 942 |
|
|
|2 ddc
|c BK
|
| 952 |
|
|
|0 0
|1 0
|2 ddc
|4 0
|6 510_000000000000000_KHE
|7 0
|9 68028
|a BRACUL
|b BRACUL
|c GEN
|d 2020-02-27
|e Complimentary copy from BIED
|l 0
|o 510 KHE
|p 3010036012
|r 2020-02-27
|t 1
|w 2020-02-27
|y BK
|x Transferred from BIED to General Stacks
|